| 000 | 00000nas 2200000za 4500 |
| 001 | 9.865405 |
| 003 | CaOODSP |
| 005 | 20221107161804 |
| 007 | cr ||||||||||| |
| 008 | 181129d1975uuuuonc x m o f0###a0eng| |
| 040 | |aCaOODSP|beng |
| 043 | |an-cn--- |
| 086 | 1 |aEn13-7E-PDF |
| 130 | 0 |aTechnical note (National Water Research Institute (Canada). Hydraulics Research Division) |
| 245 | 10|aTechnical note |h[electronic resource] / |cHydraulics Research Division. |
| 260 | |a[Burlington, Ont. : |bNational Water Research Institute, Hydraulics Research Division] |
| 310 | |aIrregular |
| 588 | |aDescription based on: Report no. 75-1. |
| 692 | 07|2gccst|aWater management |
| 710 | 2 |aNational Water Research Institute (Canada). |bHydraulics Research Division. |
| 785 | 00|tTechnical note |w(CaOODSP)9.855127 |